000 00835nam0a22002771 4500
001 rc\557785
005 20030616170358.0
010 _a5-10-000487-8
_958000
035 _a(NLR Aleph) 005793194
090 _a5218551
_c5218551
100 _a20030616d1988 u |0rusy50 ca
101 0 _arus
102 _aRU
105 _aa |||||||||
200 1 _aМаститы коров
210 _aМ.
_cАгропромиздат
_d1988
215 _a255, [1] с.
_cил.
_d21
320 _aБиблиогр.: с. 249
320 _aПредм. указ.: с. 250-255
700 1 _aКарташова
_bВ. М.
_gВалентина Михайловна
701 1 _aИвашура
_bА. И.
_gАнатолий Иванович
801 0 _aRU
_bNLR
_gpsbo
801 1 _aRU
_bELAR
_2rusmarc
852 _aNLR
_j88-3/5470
942 _cBOOK
980 _aNB